Loading...
Science - Physics | 0 | 2 | 0 | 1 | 20 | 92 | 108.00 | 0 | 0 |
Mythology | 0 | 2 | 0 | 1 | 20 | 65 | 101.50 | 0 | 0 |
History - American History | 0 | 2 | 0 | 1 | 20 | 88 | 89.50 | 0 | 1 |
Literature - British Literature | 0 | 1 | 0 | 0 | 10 | 139 | 139.00 | 0 | 0 |
Fine Arts - Visual Fine Arts | 0 | 1 | 0 | 0 | 10 | 130 | 130.00 | 0 | 0 |
Literature - World/Other Literature | 0 | 1 | 0 | 0 | 10 | 135 | 135.00 | 0 | 0 |
Literature - European Literature | 0 | 1 | 0 | 0 | 10 | 129 | 129.00 | 0 | 0 |
Geography/Current Events | 0 | 1 | 0 | 0 | 10 | 96 | 96.00 | 0 | 0 |
Literature - American Literature | 0 | 1 | 0 | 0 | 10 | 90 | 90.00 | 0 | 1 |
Philosophy | 0 | 1 | 0 | 0 | 10 | 72 | 72.00 | 0 | 1 |
Science - Other Science | 0 | 1 | 0 | 0 | 10 | 89 | 89.00 | 0 | 0 |
History - World History | 0 | 1 | 2 | 0 | 0 | 80 | 80.00 | 0 | 0 |
Religion | 0 | 0 | 1 | 0 | -5 | 0.00 | 0 | 0 | |
History - European History | 0 | 0 | 1 | 0 | -5 | 0.00 | 0 | 0 |